| 000 | 01080nam a2200313 i 4500 | ||
|---|---|---|---|
| 001 | 018556536 | ||
| 003 | EG-ScBUE | ||
| 005 | 20230515092046.0 | ||
| 008 | 171009r20172015enk f b 001 0 eng d | ||
| 020 | _a9781138573512 (pbk.) : | ||
| 040 |
_aStDuBDS _beng _erda _cStDuBDS _dEG-ScBUE |
||
| 082 | 0 | 4 |
_a720.1 _222 _bMAT |
| 245 | 0 | 4 |
_aThe material imagination : _breveries on architecture and matter / _cedited by Matthew Mindrup, University of Canberra, Australia. |
| 250 | _aReprint edition. | ||
| 264 | 1 |
_aLondon ; _aNew York : _bRoutledge, _c2017. |
|
| 300 |
_axvi, 260 pages ; _c25 cm. |
||
| 336 |
_atext _2rdacontent _btxt |
||
| 337 |
_aunmediated _2rdamedia _bn |
||
| 338 |
_avolume _2rdacarrier _bnc |
||
| 490 | 0 | _aAshgate studies in architecture series | |
| 500 | _aOriginally published: Farnham: Ashgate, 2015. | ||
| 504 | _aIncludes bibliographical references and index. | ||
| 650 | 7 |
_aArchitecture _xPhilosophy. _2BUEsh |
|
| 650 | 7 |
_aMatter. _2BUEsh |
|
| 653 |
_bART _cMay2023 |
||
| 655 | _vReading book | ||
| 700 | 1 |
_aMindrup, Matthew, _eeditor. |
|
| 942 |
_2ddc _cBB |
||
| 999 |
_c30366 _d30337 |
||